MARC details
| 000 -CABECERA |
| campo de control de longitud fija |
01688nam a22002897a 4500 |
| 003 - IDENTIFICADOR DEL NÚMERO DE CONTROL |
| campo de control |
DO-SdBNP |
| 005 - FECHA Y HORA DE LA ÚLTIMA TRANSACCIÓN |
| campo de control |
20221003120017.0 |
| 007 - CAMPO FIJO DE DESCRIPCIÓN FÍSICA--INFORMACIÓN GENERAL |
| campo de control de longitud fija |
ta |
| 008 - DATOS DE LONGITUD FIJA--INFORMACIÓN GENERAL |
| campo de control de longitud fija |
210806e2021dr ||||er|||| 001 edspa d |
| 020 ## - NÚMERO INTERNACIONAL ESTÁNDAR DEL LIBRO |
| Número Internacional Estándar del Libro |
9789945618341 |
| 040 ## - FUENTE DE LA CATALOGACIÓN |
| Centro catalogador/agencia de origen |
DO-SdBNP |
| Lengua de catalogación |
spa |
| Centro/agencia transcriptor |
BNPHU |
| 082 #4 - NÚMERO DE LA CLASIFICACIÓN DECIMAL DEWEY |
| Número de clasificación |
972.94 |
| Número de documento/Ítem |
S479h |
| Número de edición |
22 |
| 100 1# - ENTRADA PRINCIPAL--NOMBRE DE PERSONA |
| Nombre de persona |
Sepúlveda Solano, Santiago, |
| Fechas asociadas al nombre |
1953- |
| 9 (RLIN) |
79422 |
| 245 10 - MENCIÓN DE TÍTULO |
| Título |
Haití : |
| Resto del título |
trauma de un proceso de colonización fracasado / |
| Mención de responsabilidad, etc. |
Santiago Sepúlveda Solano. |
| 260 ## - PUBLICACIÓN, DISTRIBUCIÓN, ETC. |
| Lugar de publicación, distribución, etc. |
Santo Domingo : |
| Nombre del editor, distribuidor, etc. |
Amigo del Hogar, |
| Fecha de publicación, distribución, etc. |
2021. |
| 300 ## - DESCRIPCIÓN FÍSICA |
| Extensión |
401 p. ; |
| Dimensiones |
23 cm. |
| 500 ## - NOTA GENERAL |
| Nota general |
Incluye datos biográficos del autor en la solapa de la cubierta |
| 504 ## - NOTA DE BIBLIOGRAFÍA, ETC. |
| Nota de bibliografía, etc. |
Bibliografía : p. 393-397 |
| 505 0# - NOTA DE CONTENIDO CON FORMATO |
| Nota de contenido con formato |
En forma de prólogo -- |
| Título |
Palabras introductorias -- |
| -- |
Introducción -- |
| -- |
Un panorama preocupante -- |
| -- |
La génesis de una trajedia -- |
| -- |
Anidando las identidades -- |
| -- |
Atizando la caldera del odio -- |
| -- |
Negros libertos norteamericanos, en la isla de Santo Domingo -- |
| -- |
Los herederos de la luz y del odio en Santo Domingo -- |
| -- |
Haití; de las crisis a los aislamientos -- |
| -- |
Ocupación norteamericana e inicio del proyecto migratoria -- |
| -- |
Una creación justa, digna y valedera -- |
| -- |
El batey : de la convivencia social al espacio legal -- |
| -- |
Hacia el control municipal y comunitario de los migrantes -- |
| -- |
Ataque frontal al problemahaitiano -- |
| -- |
La frontera con Haití, el kilómetro cero. |
| 590 ## - NOTA LOCAL (RLIN) |
| Nota local |
Inventariado, 2021 /LP<br/><br/> |
| 651 #4 - PUNTO DE ACCESO ADICIONAL DE MATERIA--NOMBRE GEOGRÁFICO |
| Nombre geográfico |
Haití |
| Subdivisión general |
Historia |
| 9 (RLIN) |
8418 |
| 651 #4 - PUNTO DE ACCESO ADICIONAL DE MATERIA--NOMBRE GEOGRÁFICO |
| Nombre geográfico |
Haití |
| Subdivisión general |
Emigración e inmigración |
| 9 (RLIN) |
1425 |
| 651 #4 - PUNTO DE ACCESO ADICIONAL DE MATERIA--NOMBRE GEOGRÁFICO |
| Nombre geográfico |
Haiti |
| Subdivisión general |
Colonización |
| 9 (RLIN) |
82467 |
| 651 #4 - PUNTO DE ACCESO ADICIONAL DE MATERIA--NOMBRE GEOGRÁFICO |
| Nombre geográfico |
Haití |
| Subdivisión general |
Historia |
| Subdivisión cronológica |
Ocupación norteamericana,1915-1934 |
| 9 (RLIN) |
82468 |
| 910 ## - DATOS DE OPCIÓN DEL USUARIO (OCLC) |
| Datos de opción del usuario |
Lopérez/Validado. Control de calidad MFF |
| 942 ## - ELEMENTOS DE PUNTO DE ACCESO ADICIONAL (KOHA) |
| Fuente del sistema de clasificación o colocación |
Dewey Decimal Classification |
| Tipo de ítem Koha |
Libro |